| 000 | 00780nam a2200253 i 4500 | ||
|---|---|---|---|
| 001 | 6898 | ||
| 003 | ES-MaACL | ||
| 005 | 20250717045847.0 | ||
| 007 | t| | ||
| 008 | 900711s1986 sp ||||1| spa d | ||
| 020 | _a84-345-8390-9 | ||
| 080 | _a53:92 Hawking, Stephen | ||
| 080 | _a523.12 | ||
| 100 | 1 |
_aBoslough, John. _930695 |
|
| 245 | 1 | 3 |
_aEl Universo de Stephen Hawking / _cJohn Boslough. |
| 260 |
_aBarcelona : _bSalvat, _cD.L. 1986. |
||
| 300 |
_aXII, 140 p., [8] p. de lam : _bil. ; _c19 cm. |
||
| 490 | 1 |
_aBiblioteca científica Salvat ; _v25 |
|
| 600 | 1 | 4 |
_aHawking, S. W. _962165 |
| 650 | 1 | 7 |
_aCosmogonía _2embne _911387 |
| 830 | 0 |
_aBiblioteca científica Salvat ; _v25 _9177703 |
|
| 852 |
_aES-MaACL _jL-14114 _bR.117703 _z. - rust. |
||
| 999 |
_c6898 _d6898 |
||